000 01007naa a22002897a 4500
001 BR9509282
003 BR-BrBNA
005 20240918181424.0
007 ta
008 230509b bl.||||| |||| 00| 0 por d
040 _aBR-BrBNA
_bpor
_cBiblioteca Nacional de Agricultura
041 _a(Pt)
072 _aF01
_b2480
_b3530
090 _aF01 BR9509282
100 1 _aPereira, J. da P.
111 1 _a3. Seminario Nacional da Seringueira
_cManaus, AM (Brazil)
_d23-29 Jun 1980
245 1 _aMetodos de abertura de covas e plantio de mudas de seringueira
260 3 _aBrasilia, DF (Brasil):
_c1980.
500 _aAnais do 3. Seminario Nacional da Seringueira Brasilia, DF (Brasil): 1980. v. 2 p. 761-778 (BR9509282-AM)F01
650 _aSeringueira
650 _aCova
650 _aMuda
650 _aPlantio
773 0 _tAnais do 3. Seminario Nacional da Seringueira
_wF01 BR9509282
_gBrasilia, DF (Brasil), 1980. v. 2 p. 761-778
909 _a202404
_bLucia
_c55
_dLucia Elande
942 _cAM
_2AGRIS
999 _c325187
_d325187